Gaming Quiz

Random Gaming or Board Games Quiz

Risk Territories Quiz Stats

 Plays Quiz Updated Oct 16, 2018

Score 0/42 Timer 06:00
1 Play Today
Territory % Correct
Greenland
92.9%
Brazil
91.6%
Alaska
88.8%
China
87.9%
Iceland
87.8%
India
87.8%
Japan
86.4%
Argentina
84.8%
South Africa
84.7%
Madagascar
82.2%
Egypt
77.6%
Peru
77.6%
Western Australia
77%
Eastern Australia
76.6%
Western Europe
76.5%
Central America
76.2%
Western United States
76.1%
Congo
76%
Eastern United States
76%
Middle East
75.8%
Southern Europe
72.6%
Territory % Correct
Indonesia
71.1%
Quebec
70.9%
Northern Europe
69.9%
Great Britain
68.8%
Mongolia
68.3%
Venezuela
67.2%
Ontario
67.1%
Ukraine
66.8%
Siam
63.5%
Alberta
62.7%
East Africa
62.4%
Scandinavia
61.9%
North Africa
60.1%
Northwest Territory
59.5%
Siberia
56.5%
New Guinea
55.8%
Kamchatka
52.5%
Ural
50.9%
Afghanistan
47%
Irkutsk
46.2%
Yakutsk
41.8%

You're not logged in!

Compare scores with friends on all Sporcle quizzes.
OR
Log In

Sporcle TV

Today on Sporcle TV


Watch our educational content, quiz creation guides, and fun videos on Sporcle TV.

Show Comments

Extras

Top Quizzes Today


Score Distribution

Your Account Isn't Verified!

In order to create a playlist on Sporcle, you need to verify the email address you used during registration. Go to your Sporcle Settings to finish the process.

Report this User

Report this user for behavior that violates our Community Guidelines.

Details: